El viaje literario
Gespeichert in:
| 1. Verfasser: | |
|---|---|
| Format: | Buch |
| Sprache: | Spanisch |
| Veröffentlicht: |
Santiago
Nascimento
1945
|
| Schlagworte: | |
| Tags: |
Tag hinzufügen
Keine Tags, Fügen Sie den ersten Tag hinzu!
|
MARC
| LEADER | 00000nam a2200000 a 4500 | ||
|---|---|---|---|
| 001 | UCQ6318 | ||
| 003 | CL-VaPUC | ||
| 008 | 981009e19450000CL |||||||||||||||||spa|d | ||
| 082 | 0 | 4 | |a Ch860.9 |b MEL |2 21 |
| 100 | |a Melfi Demarco, Domingo |e autor |9 345076 | ||
| 245 | 1 | 3 | |a El viaje literario |
| 300 | |a 212 p | ||
| 942 | |c BK | ||
| 945 | |d 19981009 00:00:00 |a crobeson | ||
| 260 | |a Santiago |b Nascimento |c 1945 | ||
| 650 | 0 | |a Literatura chilena |9 308278 | |
| 650 | 0 | |a Historia y crítica |9 257407 | |
| 583 | |a last modification |c 19981009 00:00:00 |k Rodrigo Vera | ||
| 999 | |c 276316 |d 276314 | ||
| 952 | |0 0 |1 0 |4 0 |6 CH_860_900000000000000_MEL_1945 |7 0 |8 A |9 313494 |a BIBEDU |b BIBEDU |d 2019-11-20 |i 1481118 |o Ch860.9 MEL 1945 |p 1481118 |r 2019-11-20 |w 2019-11-20 |y BK |k LIT | ||
| 952 | |0 0 |1 0 |4 0 |6 CH_860_900000000000000_MEL_1945 |7 0 |8 A |9 313495 |a BIBEDU |b BIBEDU |d 2019-11-20 |i 1481126 |o Ch860.9 MEL 1945 |p 1481126 |r 2019-11-20 |w 2019-11-20 |y BK |k LIT | ||
| 952 | |0 0 |1 0 |4 0 |6 CH_860_900000000000000_MEL_1945 |7 0 |8 A |9 313496 |a BIBEDU |b BIBEDU |d 2019-11-20 |i 1481134 |o Ch860.9 MEL 1945 |p 1481134 |r 2019-11-20 |w 2019-11-20 |y BK |k LIT | ||